000 00297nam a22001337a 4500
008 171017b xxu||||| |||| 00| 0 eng d
020 _a0324320361
041 _aeng
080 _211TH
_a330.101.542
100 _a52
101 _aMIK
245 _aMICROECONOMICS
_cGWARTNEY,J.D
942 _2udc
_cBK
999 _c34481
_d34481